000 00597nam a2200181Ia 4500
008 100920s9999 xx 000 0 und d
082 _b87325
_a410 0
100 _aभागवत
245 _aजीवन आणि साहित्य.
260 _bसुलभ राष्ट्रीय ग्रंथमाला, पुणे 2.
_c0
300 _a198
_bसाधी
365 _b2.5
520 _aभाषा.
630 _aजीवन आणि साहित्य.
650 _aभाषा.
730 _aजीवन आणि साहित्य.
942 _cBOOK
999 _c727835
_d727832